MARC

LEADER 00000nab a2200000 a 4500
001 vtls009155681
003 SK-MaSNL
005 20260426090032.0
008 250507c2007 xo |r|p|||||||000 b|slo
015 |a SNBRB2007/11  |2 snkbucl 
035 |a (uuid)33e5d1a1-47c2-4f4f-b84c-6ee81853994b 
035 |a urn:nbn:sk:snk-ab2rya 
035 |a (urnnbn)urn:nbn:sk:snk:ar-a02uuj 
038 |a SNKBUCL 
040 |a SNKBUCL  |b slo  |c SNKBUCL  |e AACR2 
041 0 |a slo 
044 |a xo  |c SK 
080 |a 7.01:061.3  |x (437.6)  |2 2001 
080 |a 82.01:061.3  |x (437.6)  |2 2001 
080 |a 82.0  |2 2001 
100 1 |a Bžoch, Adam,  |d 1966-  |4 aut  |9 97719 
245 1 0 |a Umelecké dielo v epoche mediálnych výziev  |c Adam Bžoch 
600 1 7 |a Benjamin, Walter,  |d 1892-1940  |t Umelecké dielo v epoche svojej technickej reprodukovateľnosti  |2 snkbucl  |9 250198 
611 2 7 |a Umelecké dielo v epoche mediálnych výziev  |d (2006 :  |c Bratislava, Slovensko)  |2 snkbucl  |9 1491425 
648 7 |a 5.-6.10.2006  |2 snkbucl  |9 1056219 
648 7 |a 2006  |2 snkbucl  |9 313148 
650 0 7 |a umenie  |x technická reprodukcia  |x mediácia  |x estetická hodnota  |2 snkbucl  |9 1491426 
651 7 |a Bratislava (Slovensko)  |2 snkbucl  |9 14568 
773 0 |t Slovak review  |g Roč. XVI, č. 1 (2007), s. 3-4  |x 1335-0544 
850 |a Slovenská národná knižnica 
852 |a Slovenská národná knižnica 
954 |a odborná, vedecká literatúra pôvodná (slovenská)  |2 lita 
958 |a article27 
958 |a LX 
958 |a OND 
958 |a EUIPO 
999 |c 2978519  |d 2980449